=LDR 00000nam 2200000 4500 =001 INLIS000000000034333 =005 20161010141510.0 =006 =007 =008 ind =035 ##$$0010-061300000034333 =041 ##$$a ind =082 ##$$a 028.5 =090 ##$$a 028.5, Mua,i =100 ##$$a Muakhir, Ali =245 ##$$a Anak Penyayang, The Loving Kia, Ali Muakhir; Penerjemah, Novana Abdu; Editor, Tim GB =260 ##$$a 2008 $b Solo =300 ##$$a 23 hlm., Illus, 18 cm =650 ##$$a bacaan Kanak-Kanak =700 ##$$a Abdu, Noviana =850 ##$$a NBPNMAT =990 ##$$a 75057505 =990 ##$$a 21010921 =990 ##$$a 0001/BPAP-NTB/2016